00753nam a22001575i 4500001000700000003000900007005001700016008004100033110004000074245031800114260002900432300002100461500004300482650004500525852002500570170927ES-MaACL20230906214511.0090417s1856 sp |||| | spa d2 aEspaña. bMinisterio de Hacienda.11a[Real decreto b: De conformidad con el parecer del Consejo de Ministros, vengo en autorizar al de Hacienda para que someta á la deliberación de las Cortes constitutyentes un proyecto de ley sobre reforma de los aranceles de Aduanas. Dado en Palacio á siete de Marzo de mil ochocientos cincuenta y seis...]. a[S.l. : bs.n., c1856?] a29 p. ; c32 cm. aTít. tomado del principio del texto. 4aAranceles de aduanas-zEspaña-yS.XIX. aES-MaACLjT-1275-F-7